000 00456nam a2200169Ia 4500
003 GCL
008 140319s9999 xx 000 0 eng d
040 _aGCL /
_cGCL
082 0 4 _a551.46
_bT E
100 1 _aJ .CQUEMOND, RICHARD
245 1 0 _aESSENTIALS OF OCEANOGRAPHY /
_cJ .CQUEMOND, RICHARD
260 _a[S.N] :
_bABT AKVERT SKIRA S.A ،
_c1993
300 _a393 P
650 0 4 _aOCEANOGRAPHY
650 0 4 _aOCEANS - ENVIRONMENTAL
942 _2ddc
_cBK
999 _c19378
_d19378